000 00702cab a2200241 4500
001 X2277
008 090401t1995 xxu||||| |||| 00| 0 eng d
035 _a(Sirsi) u23089
041 _aeng
245 _aDiploma prizes for property investment
260 _c1995
350 _a0
490 _aCSM (Chartered Surveyor Monthly)
_v4(6) April 1995, 61(1)
650 _aCHRISTOPHER HOLDSWORTH
650 _aCOLLEGE OF ESTATE MANAGEMENT
650 _aMICHAEL MALLINSON
650 _aNICHOLAS YEAOMANS
650 _aNORSEMAN HOLDINGS PRIZE
650 _aRICS DIPLOMA IN PROPERTY INVESTMENT
690 _aMANAGEMENT-BUSINESS MANAGEMENT-PROFESSIONAL PRACTICE
942 _n0
948 _c04/03/1997
999 _c15468
_d15468